000 00406nam a22001697a 4500
003 OSt
008 240426b |||||||| |||| 00| 0 eng d
020 _a9788131517871
082 _a621.3 PRE
100 _aPRASAD,PV
245 _aElectrical Engineering Concepts and Applications
250 _a-
260 _aNew Delhi
_bCengage
_c2023
300 _a645
700 _aSIVANAGARAJU,S
942 _2ddc
_cREF
999 _c12556
_d12556